Vài suy nghĩ về cụm từ cố định nói chung và quán ngữ nói riêng /

Saved in:
Bibliographic Details
Main Author: Ngô Hữu Hoàng
Format: Article
Language:Vietnamese
Subjects:
Tags: Add Tag
No Tags, Be the first to tag this record!
Institutions: Thư viện Trường Đại học Đà Lạt
LEADER 00729nam a2200265 4500
001 DLU060052946
040 # # |a DLU  |b vie 
041 # # |a vie 
044 # # |a vn 
100 # # |a Ngô Hữu Hoàng 
245 # # |a Vài suy nghĩ về cụm từ cố định nói chung và quán ngữ nói riêng /  |c Ngô Hữu Hoàng 
653 # # |a Cú pháp 
653 # # |a Quán ngữ 
773 # # |t Ngôn ngữ  |g Số 7, 2002, tr.25-30 
920 # # |a Phòng Tạp chí -- Trung tâm Thông tin - Thư viện Trường Đại học Đà Lạt 
933 # # |a CT, TN 
994 # # |a DLU 
900 # # |a True 
911 # # |a Nguyễn Thị Yên 
925 # # |a G 
926 # # |a A 
927 # # |a BB 
980 # # |a Thư viện Trường Đại học Đà Lạt